Countries That Border a Caucasus Nation - Statistics

General Stats
  • This quiz has been taken 53 times
  • The average score is 16 of 17
Answer Stats
Hint Answer % Correct
Azerbaijan Iran
100%
Armenia Iran
100%
Russia Kazakhstan
100%
Georgia Turkey
100%
Azerbaijan Turkey
100%
Armenia Turkey
100%
Russia Ukraine
100%
Russia China
98%
Russia Belarus
96%
Russia Estonia
94%
Russia Finland
94%
Russia Latvia
94%
Russia Lithuania
94%
Russia Poland
94%
Russia Mongolia
92%
Russia North Korea
92%
Russia Norway
90%
No matching quizzes found
Score Distribution
Percent of People with Each Score
Percentile by Number Answered
Your Score History
You have not taken this quiz